000 00865nam a22001817a 4500
003 OSt
005 20251216142256.0
008 251216b |||||||| |||| 00| 0 eng d
020 _a9783031848520
040 _cn
082 _a650.072 O64 2025
100 _aOpdenakker, Raymond
245 _aDesign Science Methodology for the Management Sciences: From Foundations to Implementation /
_cRaymond Opdenakker & Carin Cuijpers
260 _bCham, Switzerland. Springer International Publishing AG. 2025
300 _a209 p. 24 cm.
650 _aResearch methodology in management sciences Design science methodology — principles and applications Problem formulation and design space co‑evolution Development of design propositions, models, protocols, and policies Practical implementation of design science research in organizations
942 _2ddc
_cBK-EN
_n0
999 _c8373
_d8373